书目信息 |
| 题名: |
世界前沿技术发展报告
|
|
| 作者: | ;中国科协 , 国务院发展研究中心 编写 | |
| 分册: | 2014 | |
| 出版信息: | 北京 中国科学技术出版社 2015.5 |
|
| 页数: | 283页 | |
| 开本: | 26cm | |
| 丛书名: | ||
| 单 册: | ||
| 中图分类: | N11 | |
| 科图分类: | ||
| 主题词: | 科学技术--发展--研究报告--世界--2014 | |
| 电子资源: | ||
| ISBN: | 978-7-5046-6897-4 | |
| 000 | 01149nam0 2200253 450 | |
| 001 | 0400003371 | |
| 005 | 20171025150344.95 | |
| 010 | @a978-7-5046-6897-4@dCNY86.00 | |
| 100 | @a20151101e2015 em y0chiy50 ea | |
| 101 | 0 | @achi |
| 102 | @aCN@b110000 | |
| 105 | @aa z 000yy | |
| 106 | @ar | |
| 200 | 1 | @a世界前沿技术发展报告@9shi jie qian yan ji shu fa zhan bao gao@h2014@f中国科学技术协会国际联络部,国务院发展研究中心国际技术经济研究所编写 |
| 210 | @a北京@c中国科学技术出版社@d2015.5 | |
| 215 | @a283页@c图@d26cm | |
| 300 | @a国家软科学研究计划资助项目 | |
| 330 | @a本书详细介绍了2014年世界前沿技术的重大进展和发展动向,并对影响前沿技术发展的重大问题进行了深入分析。全书共包括八个分报告,分别介绍了机器人、信息、生物、新材料、能源、航天、航空、海洋等技术领域的最新发展动态,包括重大技术进展及相关产业的发展、主要国家的战略举措等。 | |
| 606 | 0 | @a科学技术@x发展@x研究报告@y世界@z2014 |
| 690 | @aN11@v5 | |
| 711 | 02 | @a中国科协@9zhong guo ke xie@b国际联络部@4编写 |
| 711 | 02 | @a国务院发展研究中心@9guo wu yuan fa zhan yan jiu zhong xin@b国际技术经济研究所@4编写 |
| 801 | 0 | @aCN@b91MARC@c20171022 |
| 905 | @b1022685-9@dN11@f5@e118(2014) | |
| 世界前沿技术发展报告.2014/中国科学技术协会国际联络部,国务院发展研究中心国际技术经济研究所编写.-北京:中国科学技术出版社,2015.5 |
| 283页:图;26cm |
| 国家软科学研究计划资助项目 |
| ISBN 978-7-5046-6897-4:CNY86.00 |
| 本书详细介绍了2014年世界前沿技术的重大进展和发展动向,并对影响前沿技术发展的重大问题进行了深入分析。全书共包括八个分报告,分别介绍了机器人、信息、生物、新材料、能源、航天、航空、海洋等技术领域的最新发展动态,包括重大技术进展及相关产业的发展、主要国家的战略举措等。 |
| ● |
| 相关链接 |
|
|
|
|
正题名:世界前沿技术发展报告
索取号:N11/118(2014)
 
预约/预借
| 序号 | 登录号 | 条形码 | 馆藏地/架位号 | 状态 | 备注 |
| 1 | 1022685 | 210226851 | 第二样本阅览室/ [索取号:N11/118(2014)] | 在馆 | |
| 2 | 1022686 | 210226860 | 第三借阅区/ [索取号:N11/118(2014)] | 在馆 | |
| 3 | 1022687 | 210226879 | 第三借阅区/ [索取号:N11/118(2014)] | 在馆 | |
| 4 | 1022688 | 210226888 | 密集书库-物理学院/ [索取号:N11/118(2014)] | 在馆 | |
| 5 | 1022689 | 210226897 | 第三借阅区/ [索取号:N11/118(2014)] | 在馆 |